| 000 | 00658nam a2200217 a 4500 | ||
|---|---|---|---|
| 001 | 32126 | ||
| 005 | 20180713235650.0 | ||
| 008 | 140415s2009 mx 000 0 spa d | ||
| 020 | _a9707270896 | ||
| 041 | _aspa | ||
| 082 |
_a320.1 _bSEN |
||
| 100 |
_aSenado de la República _eautor |
||
| 245 | 0 | 3 | _aLa gestión de la ética pública. |
| 250 | _aPrimera edición | ||
| 260 |
_aMéxico : _bSenado de la República, _c2009. |
||
| 300 |
_a37 Páginas ; _c23 cm. |
||
| 336 |
_atexto _2rdacontent |
||
| 337 |
_asin mediación _2rdamedia |
||
| 338 |
_avolumen _2rdacarrier |
||
| 490 | _aSerie cuardernos de ética para servidores públicos | ||
| 999 |
_c32126 _d32126 |
||